[Event "Besancon op"]
[Site "Besancon"]
[Date "2005.12.28"]
[Round "5"]
[White "Chavetnoir, Rene"]
[Black "Mairet, Matthieu"]
[Result "1-0"]
[WhiteElo "1700"]
[BlackElo "1410"]
[PlyCount "78"]
[EventDate "2005.12.27"]
[EventType "swiss"]
[EventRounds "7"]
[EventCountry "FRA"]
[SourceTitle "CBM 110 Extra"]
[Source "ChessBase"]
[SourceDate "2006.03.10"]
[SourceVersion "2"]
[SourceVersionDate "2006.03.10"]
[SourceQuality "1"]

1. e4 e5 2. Nf3 Nc6 3. Bb5 a6 4. Ba4 d6 5. 0-0 Nf6 6. Re1 Bd7 7. c3 Na7 8. Bxd7+ Qxd7 9. h3 c5 10. d4 exd4 11. cxd4 Qc7 12. Nbd2 Be7 13. Nf1 0-0 14. d5 b5 15. a4 b4 16. b3 a5 17. N1d2 Nd7 18. Nc4 f6 19. Qd3 Ne5 20. Nfxe5 fxe5 21. Be3 Nc8 22. Ra2 Nb6 23. Rf1 Nxc4 24. Qxc4 Rf7 25. Rc2 Raf8 26. Qd3 h6 27. Qe2 Qb6 28. Qd2 Rc8 29. Qe2 Bf6 30. Qg4 Qc7 31. Bxh6 Rcf8 32. Be3 Qd7 33. Qxd7 Rxd7 34. Rd2 Rc8 35. Rc2 Rdc7 36. Rfc1 Kh7 37. f4 Kg8 38. Rc4 Kf7 39. g3 Ke7 1-0